00747cam a2200217 a 450000100100000000500170001000800410002702000150006804000290008308200190011210000320013124500400016326000690020330000210027265000250029365000280031891000340034604900090038095201230038999900170051200001822720200929165418.0741023s1973 xxc 000 1 eng d a0773600256 aDO-SdBNPbengcLCdBNPHU a823.912bB191d1 aBallem, John Bishop.93946914aThe devil's lighter /cJohn Ballem. aDon Mills, Ontario :bGeneral Publishing Company Limited,c1973. a237 p. ;c23 cm. 4aNovela inglesa91071 4aLiteratura inglesa9498 aCatalogación por copia / LC aBNGR 001052708MOaGRbGRcCTd2010-04-21iLF1l0o823.912 B191dp18227-10r2020-06-25w2020-06-25y2ZPréstamo interno c17748d17748